01445nam a2200265Ia 4500001000600000003000900006008004100015040001300056040001300069041001300082100001100095100002900106245003400135245003400169250001100203260001100214260001500225260004900240300005700289500068400346650002801030650003101058700003701089700005301126G8509IT-RoPAU130308s9999 xx 000 0 und d aIT-RoPAU cIT-RoPAU aITALIANO aAA.VV. gCodice Aut. SPICS: 12000 aGuy Debord (contro) il cinema bGuy Debord (Contro) Il Cinema a1a ed. aMILANO bIl Castoro c2001 [1° Ed.:2001 - Ed.Ling.Originale:2001] a"206 p. (prefazione: no ; testo: 206 [pagine: 0-0])" a"Retrospettiva nel Quadro della mostra di Venezia. Alcuni Estratti di Suoi Scritti. Testimonianze: Formulario per un Nuovo Urbanismo di G. Ivain; Guy Debord e Il Problema Naledetto di A. Jorn; Il Cinema di Guy Debord di G. Agamben; Venezia, Whisper Not e Il Palindromo di L. Seguin; Debord al Cinema di P. Sollers; Dans Des Circostances Eternelles Du Fond D'Un Naufrage di O.Assayas; L'Opera Nascosta: intervista con O. Assayas; L'Anticoncetto, Argomento Cinematocrono per una fase Fisica delle Arti di G.J. Wolman; Prima Manifestazione di un Cinema nucleare di Marc O. Filmografia e Bibliografia Diguy Debord. Contratti. Cronologia della Sua Vita. vari Interventi dei Curatori." aAUTORI/OPERE DEL CINEMA eCodice materia Spics: 6807 aGhezzi EnricoTurigliatto Roberto gCodice Aut. SPICS: 6140Codice Aut. SPICS: 300